Administrative Law under the 1996 Constitution / (Record no. 880)

MARC details
000 -LEADER
fixed length control field 00563nam a22001817a 4500
005 - DATE AND TIME OF INPUT
control field 20231123095451.0
008 - DATA ELEMENTS--GENERAL INFORMATION
fixed length control field 231123b |||||||| |||| 00| 0 eng d
020 ## - INTERNATIONAL STANDARD BOOK NUMBER
International Standard Book Number 9780409020366
041 ## - LANGUAGE CODE
Language code of text English
082 ## - SHELF NUMBER
DDC number 342 BUR
100 ## - MAIN AUTHOR
Main author's name Burns, Y and Beukes, M
Language of a work English
245 ## - TITLE STATEMENT
Title Administrative Law under the 1996 Constitution /
Statement of responsibility, etc. Y Burns and M Beukes
250 ## - EDITION STATEMENT
Edition statement Third Edition
260 ## - PUBLICATION, DISTRIBUTION, ETC.
Place of publication, distribution, etc. Durban :
Name of publisher, distributor, etc. LexisNexis,
Date of publication, distribution, etc. 2006
300 ## - PHYSICAL DESCRIPTION
Other physical details xxiii, 566 pages ;
Dimensions 25 cm.
650 ## - SUBJECT`
Broad subject Legal practice
Own subject terms Law
942 ## - ADDED ENTRY ELEMENTS (KOHA)
Item type Books
942 ## - ADDED ENTRY ELEMENTS (KOHA)
-- ALISON_BN_VRIES
Holdings
Source of classification or shelving scheme Not for loan Collection code Home library Current library Shelving location Date acquired Full call number Barcode Price effective from Koha item type
Dewey Decimal Classification   TEXT BOOKS LAW SOCIETY OF NAMIBIA LIBRARY - WINDHOEK LAW SOCIETY OF NAMIBIA LIBRARY - WINDHOEK Constitutional and administrative law 11/23/2023 342 BUR LSN/2011/17 11/23/2023 Books